Statistiques concernant Culture Générale - Série 632

Cliquez ici pour prendre le quiz!

Statistiques générales

  • Ce quiz a été pris 149 fois
  • Le résultat moyen est 5 sur 10

Statistiques - réponses

QuestionRéponse% Correct
Quelle partie du Royaume-Uni a pour emblème le chardon ?Écosse
94%
Quel est l'infinitif du verbe conjugué, à l'imparfait du subjonctif, dans la proposition : "Que je risse" ?rire
91%
Traditionnellement, quel fromage est employé dans la recette de la tartiflette ?reblochon
78%
De quel État la Nouvelle-Écosse est-elle une province ?Canada
74%
Selon le mot attribué à Henri IV, "Paris vaut bien une...messe
58%
Dans quel film sorti en 1973 Louis de Funès incarne-t-il Victor Pivert ?Les Aventures de Rabbi Jacob
54%
Dans le film "Les Visiteurs", Christian Clavier interprète deux rôles : Jacquouille la Fripouille et Jacques-Henri...Jacquart
35%
En 1998, pour quel pays Dana International, a-t-elle remporté le concours Eurovision de la chanson avec : "Diva" ?Israël
25%
Quelle passoire fine et conique porte le nom d'une petite orange amère que l'on fait confire ?chinois
22%
Quel dessinateur est le créateur de la bande dessinée “Boule et Bill” ?Jean Roba
19%

Distribution des résultats

Percentile par nombre de réponses

% des personnes avec chaque résultat

Votre développement - résultats

Vous n’avez pas pris ce quiz